[Event "Pere Noel"]
[Site "Montreal CAN"]
[Date "1980.12.29"]
[Round "4"]
[White "Caron, Francis"]
[Black "Brodie, Hugh"]
[Result "1-0"]
[WhiteElo "1885"]
[BlackElo "1953"]
[PlyCount "131"]
[EventDate "1980.12.26"]
[EventType "swiss"]
[EventRounds "5"]
[EventCountry "CAN"]

1. e4 c5 2. Nf3 Nc6 3. d4 cxd4 4. Nxd4 g6 5. c4 Nf6 6. Nc3 Bg7 7. Be3 Ng4 8.
Qxg4 Nxd4 9. Qd1 Ne6 10. Qd2 d6 11. Be2 Bd7 12. O-O O-O 13. Rac1 Bc6 14. f3 b6
15. Nd5 Rc8 16. Rfd1 Nc5 17. Bg5 Bxd5 18. cxd5 Qd7 19. b4 Nb7 20. Ba6 Be5 21.
Rxc8 Rxc8 22. Rc1 Kf8 23. Rxc8+ Qxc8 24. Qc1 Qxc1+ 25. Bxc1 Nd8 26. Bd2 e6 27.
h3 exd5 28. exd5 f5 29. Kf2 Nf7 30. Ke2 Ke7 31. Kd3 Kd7 32. Bb5+ Kd8 33. a4 Bf6
34. f4 Bb2 35. Kc4 Kc7 36. Be8 Nh6 37. Kb5 Ng8 38. Be3 Nf6 39. Bc6 Bc3 40. a5
bxa5 41. bxa5 Ne4 42. Bxa7 Nc5 43. Bb6+ Kb8 44. a6 Nxa6 45. Kxa6 Bd2 46. Bd7
Bxf4 47. g4 fxg4 48. hxg4 h5 49. gxh5 gxh5 50. Bd8 Be3 51. Kb5 Kb7 52. Kc4 Bf2
53. Kd3 h4 54. Ke4 Be1 55. Kf3 Bg3 56. Kg4 Be1 57. Kg5 Ka6 58. Kg6 h3 59. Bxh3
Kb5 60. Kf7 Kc5 61. Ke6 Bg3 62. Bf6 Bh2 63. Bb2 Kb4 64. Bf1 Bf4 65. Bd4 Bg3 66.
Kd7 1-0

[Event "Pere Noel"]
[Site "Montreal CAN"]
[Date "1980.12.30"]
[Round "5"]
[White "Baltgailis, Vesma"]
[Black "Brodie, Hugh"]
[Result "1/2-1/2"]
[WhiteElo "1777"]
[BlackElo "1953"]
[PlyCount "71"]
[EventDate "1980.12.26"]
[EventType "swiss"]
[EventRounds "5"]
[EventCountry "CAN"]

1. c4 e5 2. g3 Nc6 3. Bg2 g6 4. Nc3 Bg7 5. e3 d6 6. Nge2 Be6 7. Nd5 Nge7 8. O-O
O-O 9. Rb1 Qd7 10. b3 Rac8 11. Re1 Nd8 12. Bb2 c6 13. Nxe7+ Qxe7 14. d4 f5 15.
Qd2 Nf7 16. f4 Rfe8 17. Ba3 Qc7 18. Rbc1 Rcd8 19. Nc3 Qa5 20. Bb2 Re7 21. Red1
Qc7 22. d5 Bc8 23. dxc6 bxc6 24. Na4 Rde8 25. Re1 Nh6 26. Ba3 Re6 27. h3 Nf7
28. Rcd1 exf4 29. exf4 Bb7 30. Rxe6 Rxe6 31. Re1 Qe7 32. Rxe6 Qxe6 33. Qb4 Bd4+
34. Kh2 Qe3 35. h4 Nh6 36. Qxb7 1/2-1/2

[Event "Burlington VT-4"]
[Site "Burlington USA"]
[Date "1980.12.06"]
[Round "1"]
[White "Brodie, Hugh"]
[Black "Merrill, M."]
[Result "1-0"]
[WhiteElo "1881"]
[BlackElo "1550"]
[PlyCount "59"]
[EventDate "1980.12.06"]
[EventType "swiss"]
[EventRounds "3"]
[EventCountry "USA"]

1. Nc3 d5 2. d4 Nf6 3. e4 dxe4 4. f3 exf3 5. Qxf3 e6 6. Be3 Nc6 7. Bb5 Bd7 8.
Nge2 Nb4 9. O-O-O Nxa2+ 10. Kb1 Nxc3+ 11. Nxc3 Bxb5 12. Nxb5 c6 13. Nc3 Be7 14.
Rhf1 Qc7 15. Bf4 Qb6 16. Be5 a5 17. Na4 Qb4 18. Nc5 a4 19. Rd3 a3 20. b3 O-O
21. Ka2 b6 22. Bxf6 Bxf6 23. Nd7 Bxd4 24. Nxf8 Rxf8 25. c3 Bxc3 26. Rxc3 Rd8
27. Qxc6 Qg4 28. Rc2 Qb4 29. Qc7 Qd4 30. Qxf7+ 1-0

[Event "Burlington VT-4"]
[Site "Burlington USA"]
[Date "1980.12.06"]
[Round "2"]
[White "Brosseau, Pete"]
[Black "Brodie, Hugh"]
[Result "1-0"]
[WhiteElo "1670"]
[BlackElo "1881"]
[PlyCount "81"]
[EventDate "1980.12.06"]
[EventType "swiss"]
[EventRounds "3"]
[EventCountry "USA"]

1. d4 Nf6 2. c4 e5 3. dxe5 Ng4 4. Bf4 Nc6 5. Nf3 Bb4+ 6. Nbd2 Qe7 7. e3 Ngxe5
8. Nxe5 Nxe5 9. Be2 O-O 10. O-O Bxd2 11. Qxd2 d6 12. Bd3 Bd7 13. Rfd1 Bc6 14.
Rac1 Rad8 15. Bb1 Ng6 16. Bxg6 hxg6 17. Qd4 g5 18. Bg3 f5 19. b4 b6 20. b5 Bb7
21. a4 Rde8 22. Ra1 Rf7 23. a5 Ref8 24. f3 f4 25. exf4 gxf4 26. Bf2 Qg5 27. Kh1
Rf6 28. axb6 Rg6 29. Rg1 Rh6 30. h3 axb6 31. Ra7 Bxf3 32. Kh2 Rff6 33. Rxc7
Bxg2 34. Rxg2 Rxh3+ 35. Kg1 Qh6 36. Rcxg7+ Kf8 37. Rg8+ Ke7 38. R2g7+ Rf7 39.
Qe4+ Qe6 40. Re8+ Kxe8 41. Qxe6+ 1-0

[Event "Burlington VT-4"]
[Site "Burlington USA"]
[Date "1980.12.06"]
[Round "3"]
[White "Brodie, Hugh"]
[Black "Prabhu, Naresh"]
[Result "1-0"]
[WhiteElo "1881"]
[BlackElo "1704"]
[PlyCount "51"]
[EventDate "1980.12.06"]
[EventType "swiss"]
[EventRounds "3"]
[EventCountry "USA"]

1. f4 d5 2. e3 Nf6 3. b3 c5 4. Bb2 Nc6 5. Nf3 Bf5 6. Bb5 a6 7. Bxc6+ bxc6 8.
O-O e6 9. d3 Be7 10. Nbd2 Rb8 11. Ne5 Qb6 12. Qe1 O-O 13. Kh1 h6 14. Rg1 Bd6
15. Ndf3 Rbd8 16. Qh4 Nd7 17. g4 Bxe5 18. Nxe5 Bh7 19. g5 hxg5 20. Rxg5 Nxe5
21. Bxe5 f6 22. Rxg7+ Kxg7 23. Rg1+ Bg6 24. Qg5 Qb7 25. Qxg6+ Kh8 26. Bxf6+ 1-0

[Event "Southwest Ontario op"]
[Site "Hamilton CAN"]
[Date "1980.11.14"]
[Round "1"]
[White "Brodie, Hugh"]
[Black "Halsall, G."]
[Result "1-0"]
[WhiteElo "1922"]
[BlackElo "1711"]
[PlyCount "95"]
[EventDate "1980.11.14"]
[EventType "swiss"]
[EventRounds "5"]
[EventCountry "CAN"]

1. f4 c5 2. Nf3 Nf6 3. e3 d5 4. b3 g6 5. Bb2 Bg7 6. Bb5+ Bd7 7. Qe2 O-O 8. O-O
a6 9. Bxd7 Qxd7 10. d3 Nc6 11. Nbd2 Rfe8 12. Ne5 Nxe5 13. Bxe5 e6 14. Rf3 Qe7
15. Raf1 Nd7 16. Bxg7 Kxg7 17. e4 Nb8 18. Qf2 Nc6 19. c3 f5 20. Re1 Qf8 21. Rh3
Kg8 22. e5 b5 23. Nf3 Ra7 24. Ng5 Nd8 25. Qh4 Qg7 26. Qf2 Qf8 27. Ree3 d4 28.
Reg3 dxc3 29. d4 cxd4 30. Qxd4 Ree7 31. Rxc3 Red7 32. Qe3 Rac7 33. Qc1 Rxc3 34.
Rxc3 Qb4 35. h3 Qd4+ 36. Kh2 h6 37. Nf3 Qb4 38. Kg3 Qe7 39. Qe3 b4 40. Rc4 Rc7
41. Nd2 Nb7 42. Qb6 Rxc4 43. Nxc4 Nc5 44. Nd6 Ne4+ 45. Kf3 Nc3 46. Qb8+ Kh7 47.
Qxb4 Nd5 48. Qb7 1-0

[Event "Southwest Ontario op"]
[Site "Hamilton CAN"]
[Date "1980.11.15"]
[Round "2"]
[White "McGarrett, Ian"]
[Black "Brodie, Hugh"]
[Result "1/2-1/2"]
[WhiteElo "1773"]
[BlackElo "1922"]
[PlyCount "77"]
[EventDate "1980.11.14"]
[EventType "swiss"]
[EventRounds "5"]
[EventCountry "CAN"]

1. e4 c5 2. Nf3 Nc6 3. d4 cxd4 4. Nxd4 g6 5. c4 Nf6 6. Nc3 Bg7 7. Be3 Ng4 8.
Qxg4 Nxd4 9. Qd1 Ne6 10. Rc1 d6 11. Bd3 O-O 12. O-O Bd7 13. Qe2 Bc6 14. Rfd1
Qa5 15. Bb1 Rac8 16. a3 Qa6 17. Ba2 b6 18. h4 Qb7 19. Nd5 Bxd5 20. exd5 Nc5 21.
h5 Rfe8 22. hxg6 hxg6 23. Bd4 Nd7 24. Bxg7 Kxg7 25. Rd3 Nf6 26. Rcc3 Qd7 27.
Rh3 Rh8 28. Qd2 Qg4 29. Rcg3 Qf5 30. Rg5 Qd7 31. Rhg3 Rcg8 32. Qd4 Kf8 33. Bb3
Rg7 34. f4 Rgh7 35. Bc2 Rh4 36. Bd1 Rh1+ 37. Kf2 Rxd1 38. Qxd1 Ne4+ 39. Kf3
1/2-1/2

[Event "Southwest Ontario op"]
[Site "Hamilton CAN"]
[Date "1980.11.15"]
[Round "3"]
[White "Brodie, Hugh"]
[Black "Lad, M."]
[Result "1-0"]
[WhiteElo "1922"]
[BlackElo "1685"]
[PlyCount "59"]
[EventDate "1980.11.14"]
[EventType "swiss"]
[EventRounds "5"]
[EventCountry "CAN"]

1. Nc3 Nf6 2. e4 e5 3. f4 d6 4. Nf3 Bg4 5. Bc4 Nbd7 6. O-O Be7 7. h3 Bxf3 8.
Qxf3 c6 9. d3 O-O 10. Bb3 b5 11. g4 Nc5 12. g5 Nfd7 13. Ne2 Nxb3 14. axb3 f6
15. gxf6 Bxf6 16. f5 Kh8 17. Kh2 a5 18. Rg1 Nc5 19. Ng3 Rg8 20. Nh5 Qc7 21. Be3
Nb7 22. Rg2 Qf7 23. Rag1 Rac8 24. Qg4 Rce8 25. Bg5 h6 26. Bd2 b4 27. Qf3 d5 28.
Rg6 Ref8 29. Nxf6 gxf6 30. Rxh6+ 1-0

[Event "Southwest Ontario op"]
[Site "Hamilton CAN"]
[Date "1980.11.16"]
[Round "4"]
[White "Schleifer, Carl"]
[Black "Brodie, Hugh"]
[Result "0-1"]
[WhiteElo "1684"]
[BlackElo "1922"]
[PlyCount "126"]
[EventDate "1980.11.14"]
[EventType "swiss"]
[EventRounds "5"]
[EventCountry "CAN"]

1. e4 c5 2. Nf3 Nc6 3. d4 cxd4 4. Nxd4 g6 5. Be3 Bg7 6. Qd2 Nf6 7. Nc3 Qa5 8.
f3 O-O 9. Nb3 Qc7 10. Bh6 d6 11. g4 Ne5 12. Be2 Be6 13. O-O-O Rfc8 14. Bxg7
Kxg7 15. Nb5 Qb6 16. N5d4 Bc4 17. h4 Bxe2 18. Qxe2 a5 19. h5 a4 20. Na1 Nc4 21.
c3 a3 22. b3 Nb2 23. Qe3 Qa5 24. c4 Nxd1 25. Kxd1 Rh8 26. h6+ Kf8 27. g5 Nh5
28. f4 e5 29. fxe5 Qxe5 30. Nac2 Ke7 31. Rf1 Rhf8 32. Nb4 Qg3 33. Rf3 Qg4 34.
Kc2 Qg2+ 35. Kd3 Qg4 36. e5 Kd7 37. Rxf7+ Rxf7 38. e6+ Ke8 39. exf7+ Kxf7 40.
Qf2+ Nf4+ 41. Kc3 Kg8 42. Qe3 Qh3 43. Qxh3 Nxh3 44. Nb5 Rd8 45. Nxa3 Nxg5 46.
Nb5 Nf7 47. a4 Nxh6 48. Nd5 Nf5 49. Nbc7 Kf7 50. b4 Rc8 51. b5 Ne7 52. Nxe7
Kxe7 53. Nd5+ Ke6 54. a5 Rc5 55. a6 bxa6 56. bxa6 Ra5 57. Kb4 Ra1 58. Kb5 h5
59. Kb6 h4 60. a7 Ke5 61. Ne7 Rxa7 62. Kxa7 h3 63. Nd5 h2 0-1

[Event "Southwest Ontario op"]
[Site "Hamilton CAN"]
[Date "1980.11.16"]
[Round "5"]
[White "Brodie, Hugh"]
[Black "Frilles, Ruperto"]
[Result "1/2-1/2"]
[WhiteElo "1922"]
[BlackElo "1986"]
[PlyCount "80"]
[EventDate "1980.11.14"]
[EventType "swiss"]
[EventRounds "5"]
[EventCountry "CAN"]

1. e4 g6 2. d4 Bg7 3. Nc3 d6 4. f4 Nd7 5. Nf3 c5 6. d5 a6 7. a4 b6 8. Bd3 Bb7
9. O-O Ngf6 10. Qe2 O-O 11. Bd2 Re8 12. Rae1 e6 13. dxe6 fxe6 14. Qf2 Qc7 15.
b3 Re7 16. Qh4 Nf8 17. e5 Ne8 18. exd6 Nxd6 19. Ne5 Rae8 20. Ne4 Nxe4 21. Bxe4
Bxe5 22. fxe5 Bxe4 23. Rxe4 Rf7 24. Rxf7 Qxf7 25. Bg5 h5 26. Bf6 Nh7 27. Rf4
Qd7 28. Qe1 Rf8 29. Qe4 Nxf6 30. Qxg6+ Qg7 31. Rxf6 Rxf6 32. Qxg7+ Kxg7 33.
exf6+ Kxf6 34. Kf2 Kf5 35. g3 Ke4 36. Ke2 Kd4 37. h3 Ke4 38. Kf2 b5 39. axb5
axb5 40. Ke2 b4 1/2-1/2

[Event "Burlington VT-3"]
[Site "Burlington USA"]
[Date "1980.11.01"]
[Round "1"]
[White "McGrath, Sean"]
[Black "Brodie, Hugh"]
[Result "0-1"]
[WhiteElo "1566"]
[BlackElo "1850"]
[PlyCount "22"]
[EventDate "1980.11.01"]
[EventType "swiss"]
[EventRounds "3"]
[EventCountry "USA"]

1. e4 c5 2. Nc3 Nc6 3. f4 d6 4. g3 g6 5. Bg2 Bg7 6. Nf3 e6 7. O-O Nge7 8. d3
Rb8 9. Bd2 b5 10. h4 b4 11. Nb1 Bxb2 0-1

[Event "Burlington VT-3"]
[Site "Burlington USA"]
[Date "1980.11.01"]
[Round "2"]
[White "Brodie, Hugh"]
[Black "Hansen, C."]
[Result "1-0"]
[WhiteElo "1850"]
[BlackElo "1765"]
[PlyCount "59"]
[EventDate "1980.11.01"]
[EventType "swiss"]
[EventRounds "3"]
[EventCountry "USA"]

1. f4 Nf6 2. Nf3 c5 3. e3 Nc6 4. b3 d6 5. Bb2 e6 6. Bb5 Bd7 7. O-O Be7 8. c4 a6
9. Bxc6 Bxc6 10. Nc3 O-O 11. Qe2 Ne4 12. Nxe4 Bxe4 13. d3 Bc6 14. Rad1 b5 15.
d4 bxc4 16. bxc4 Qa5 17. dxc5 Bxf3 18. Rxf3 Qxc5 19. Bd4 Qc7 20. Rh3 e5 21. Qh5
h6 22. fxe5 Qxc4 23. exd6 Bg5 24. Rg3 g6 25. Qf3 Qe6 26. d7 Rfd8 27. Rxg5 hxg5
28. Qf6 Kf8 29. Qh8+ Ke7 30. Bc5+ 1-0

[Event "Burlington VT-3"]
[Site "Burlington USA"]
[Date "1980.11.01"]
[Round "3"]
[White "Brodie, Hugh"]
[Black "Streit, Howard"]
[Result "1/2-1/2"]
[WhiteElo "1850"]
[BlackElo "1980"]
[PlyCount "38"]
[EventDate "1980.11.01"]
[EventType "swiss"]
[EventRounds "3"]
[EventCountry "USA"]

1. Nf3 g6 2. g3 Bg7 3. Bg2 d6 4. d3 Nc6 5. O-O e5 6. e4 Nh6 7. Ne1 O-O 8. c3 f5
9. f4 Qe7 10. Nf3 exf4 11. Bxf4 fxe4 12. dxe4 Qxe4 13. Ng5 Qe7 14. Re1 Ne5 15.
Nd2 Bf6 16. Nde4 Kg7 17. Nxf6 Qxf6 18. Qd2 Nhf7 19. Ne4 Qe7 1/2-1/2

[Event "Karpov op"]
[Site "Montreal CAN"]
[Date "1980.10.11"]
[Round "1"]
[White "Fraser, Michel"]
[Black "Brodie, Hugh"]
[Result "1/2-1/2"]
[WhiteElo "1815"]
[BlackElo "1982"]
[PlyCount "84"]
[EventDate "1980.10.11"]
[EventType "swiss"]
[EventRounds "6"]
[EventCountry "CAN"]

1. e4 c5 2. Nf3 Nc6 3. c3 d5 4. exd5 Qxd5 5. d4 Bg4 6. Be2 e6 7. c4 Qd8 8. d5
exd5 9. cxd5 Nb4 10. Bb5+ Bd7 11. Bxd7+ Qxd7 12. Nc3 Nf6 13. Ne5 Qf5 14. O-O
Bd6 15. g4 Qc2 16. Qe1 O-O 17. Nc4 Rae8 18. Be3 Bb8 19. a3 Nbxd5 20. Qb1 Nxe3
21. Nxe3 Qxb1 22. Raxb1 Bf4 23. Ncd5 Nxd5 24. Nxd5 Bd2 25. Rfd1 Bg5 26. Kf1 Re4
27. Rd3 Rfe8 28. Rbd1 Rxg4 29. Nc7 Rf8 30. Rd5 Bf6 31. Rxc5 Bxb2 32. Rb5 Bxa3
33. Rxb7 Bc5 34. Rc1 Bb6 35. Nd5 h5 36. Nxb6 Rb4 37. Rxa7 Rxb6 38. Rcc7 g6 39.
Kg2 Kg7 40. Re7 Rb3 41. Rec7 Rd3 42. Re7 Rb3 1/2-1/2

[Event "Karpov op"]
[Site "Montreal CAN"]
[Date "1980.10.11"]
[Round "2"]
[White "Brodie, Hugh"]
[Black "Filion, Claude"]
[Result "1-0"]
[WhiteElo "1982"]
[BlackElo "1618"]
[PlyCount "151"]
[EventDate "1980.10.11"]
[EventType "swiss"]
[EventRounds "6"]
[EventCountry "CAN"]

1. f4 d5 2. e3 c5 3. b3 Nc6 4. Bb5 Nf6 5. Nf3 e6 6. Bb2 Bd7 7. O-O a6 8. Bxc6
Bxc6 9. Ne5 Qc7 10. d3 Bd6 11. Nd2 O-O-O 12. Qe1 h5 13. Qh4 Rdg8 14. Ndf3 Ng4
15. Nxg4 hxg4 16. Qxg4 d4 17. Bc1 f5 18. Qg3 Bxf3 19. Qxf3 g5 20. exd4 cxd4 21.
Bd2 Qh7 22. Kf2 g4 23. Qe2 Qh4+ 24. Kg1 Qxh2+ 25. Kf2 Qh4+ 26. g3 Qh2+ 27. Ke1
Qxg3+ 28. Kd1 Kd7 29. Be1 Qh2 30. Rf2 g3 31. Rg2 Qh4 32. Qf3 Qxf4 33. Qxb7+ Ke8
34. Re2 Qg4 35. Qc8+ Kf7 36. Qxe6+ Kg7 37. Qxd6 g2 38. Qc7+ Kg6 39. Qd6+ Kh5
40. Qh2+ Kg6 41. Qxg2 Kf7 42. Qxg4 fxg4 43. Rg2 Rh1 44. c3 g3 45. Rc1 Re8 46.
Kd2 dxc3+ 47. Kxc3 Rc8+ 48. Kb2 Rxc1 49. Kxc1 Rxe1+ 50. Kc2 Re3 51. Kd2 Rf3 52.
Ke2 Rf6 53. Rxg3 Ke6 54. Ke3 Kd5 55. Rg5+ Kc6 56. Kd4 Rf2 57. a4 Rf1 58. Rg6+
Kb7 59. a5 Rf4+ 60. Kc3 Rf1 61. Rb6+ Ka7 62. Kc4 Rc1+ 63. Kd5 Rg1 64. b4 Rg5+
65. Kc4 Rg1 66. d4 Rg4 67. Kc5 Rg1 68. d5 Rc1+ 69. Kd6 Rh1 70. Kd7 Rh7+ 71. Kc6
Rh6+ 72. d6 Rh7 73. d7 Rh6+ 74. Kc7 Rh7 75. Kc8 Rh1 76. Rxa6+ 1-0

[Event "Karpov op"]
[Site "Montreal CAN"]
[Date "1980.10.12"]
[Round "3"]
[White "Brosseau, Pete"]
[Black "Brodie, Hugh"]
[Result "0-1"]
[WhiteElo "1690"]
[BlackElo "1982"]
[PlyCount "58"]
[EventDate "1980.10.11"]
[EventType "swiss"]
[EventRounds "6"]
[EventCountry "CAN"]

1. d4 e6 2. c4 Bb4+ 3. Nc3 f5 4. Nf3 b6 5. g3 Bb7 6. Bg2 Nf6 7. O-O O-O 8. Bg5
Bxc3 9. bxc3 d6 10. Nd2 Bxg2 11. Kxg2 Qe8 12. Bxf6 Rxf6 13. e4 f4 14. Nf3 Nd7
15. Qd3 Qh5 16. h3 Raf8 17. g4 Rg6 18. Rg1 Qa5 19. Kh2 e5 20. dxe5 Nxe5 21.
Nxe5 Qxe5 22. Qd5+ Re6 23. f3 Rfe8 24. Rgd1 Qxc3 25. Re1 a5 26. Qc6 R8e7 27.
Qa8+ Kf7 28. Qd5 g6 29. Qc6 Re5 0-1

[Event "Karpov op"]
[Site "Montreal CAN"]
[Date "1980.10.12"]
[Round "4"]
[White "Brodie, Hugh"]
[Black "Robillard, Jean"]
[Result "0-1"]
[WhiteElo "1982"]
[BlackElo "2017"]
[PlyCount "62"]
[EventDate "1980.10.11"]
[EventType "swiss"]
[EventRounds "6"]
[EventCountry "CAN"]

1. Nf3 Nf6 2. b3 g6 3. Bb2 Bg7 4. c4 O-O 5. g3 d6 6. Bg2 e5 7. d3 Nh5 8. Qc2 f5
9. Nbd2 Qe7 10. O-O c6 11. e3 Nd7 12. b4 d5 13. c5 e4 14. Bxg7 Nxg7 15. Ne1 a5
16. d4 axb4 17. Kh1 Ne6 18. Qb2 h5 19. Nc2 h4 20. f4 Nf6 21. Bh3 Qh7 22. Kg2
Kf7 23. Nxb4 Rh8 24. Rh1 g5 25. fxg5 Nxg5 26. Rae1 Nxh3 27. Kxh3 hxg3+ 28. Kxg3
Qh3+ 29. Kf2 Ng4+ 30. Ke2 Qg2+ 31. Kd1 Nf2+ 0-1

[Event "Karpov op"]
[Site "Montreal CAN"]
[Date "1980.10.13"]
[Round "5"]
[White "Roy, Guy"]
[Black "Brodie, Hugh"]
[Result "1/2-1/2"]
[WhiteElo "1770"]
[BlackElo "1982"]
[PlyCount "73"]
[EventDate "1980.10.11"]
[EventType "swiss"]
[EventRounds "6"]
[EventCountry "CAN"]

1. e4 c5 2. Nf3 Nc6 3. d4 cxd4 4. Nxd4 g6 5. Nc3 Bg7 6. Be3 Nf6 7. Be2 O-O 8.
h4 d5 9. exd5 Nxd5 10. Nxd5 Qxd5 11. Nxc6 Qxc6 12. Bf3 Qc7 13. Qc1 Rd8 14. O-O
Be6 15. c3 Bd5 16. Bxd5 Rxd5 17. Rd1 Rad8 18. Rxd5 Rxd5 19. Qc2 a6 20. Rd1 Qd7
21. Rxd5 Qxd5 22. Qd2 Qxd2 23. Bxd2 e5 24. Kf1 f5 25. Ke2 Kf7 26. Kd3 b5 27. f3
Ke6 28. g4 Kd5 29. gxf5 gxf5 30. b3 h5 31. c4+ bxc4+ 32. bxc4+ Kc6 33. Be3 Bf8
34. Bg5 Bb4 35. Bf6 Bd6 36. Bg5 Kc5 37. Bd2 1/2-1/2

[Event "Karpov op"]
[Site "Montreal CAN"]
[Date "1980.10.13"]
[Round "6"]
[White "Brodie, Hugh"]
[Black "Pregent, Guy"]
[Result "1/2-1/2"]
[WhiteElo "1982"]
[BlackElo "1764"]
[PlyCount "89"]
[EventDate "1980.10.11"]
[EventType "swiss"]
[EventRounds "6"]
[EventCountry "CAN"]

1. e4 d6 2. d4 Nf6 3. Nc3 g6 4. f4 Bg7 5. Nf3 O-O 6. Bd3 Nc6 7. O-O Bg4 8. Be3
e5 9. fxe5 dxe5 10. d5 Nd4 11. Qe1 Nxf3+ 12. gxf3 Bd7 13. Qh4 Nh5 14. Bg5 Bf6
15. Bxf6 Qxf6 16. Qxf6 Nxf6 17. f4 exf4 18. Rxf4 Ng4 19. Nd1 Ne5 20. Ne3 Kg7
21. Nc4 Rae8 22. Nxe5 Rxe5 23. Raf1 f6 24. c4 g5 25. R4f3 h5 26. Kf2 Kg6 27.
Ke3 Bg4 28. R3f2 Bh3 29. Rd1 f5 30. Kd4 Rfe8 31. exf5+ Bxf5 32. Rxf5 Rxf5 33.
Rf1 Ree5 34. Rxf5 Rxf5 35. c5 Kf6 36. Bxf5 Kxf5 37. d6 cxd6 38. cxd6 Ke6 39. d7
Kxd7 40. Ke5 g4 41. Kf5 Kd6 42. Kg5 Ke5 43. Kxh5 Kf5 44. Kh6 b5 45. b4 1/2-1/2

[Event "Burlington VT-2"]
[Site "Burlington USA"]
[Date "1980.10.04"]
[Round "1"]
[White "Brodie, Hugh"]
[Black "Chandler, W."]
[Result "1-0"]
[WhiteElo "1922"]
[BlackElo "1550"]
[PlyCount "59"]
[EventDate "1980.10.04"]
[EventType "swiss"]
[EventRounds "3"]
[EventCountry "USA"]

1. Nf3 d5 2. b3 Bg4 3. e3 Nf6 4. Bb2 Nbd7 5. Be2 g6 6. Ne5 Bxe2 7. Qxe2 Nxe5 8.
Bxe5 Bg7 9. Qb5+ c6 10. Qxb7 Qc8 11. Qxc8+ Rxc8 12. O-O O-O 13. Nc3 Nd7 14.
Bxg7 Kxg7 15. f4 f5 16. d3 Rfe8 17. Rae1 e5 18. e4 dxe4 19. dxe4 fxe4 20. Nxe4
exf4 21. Nd6 Rxe1 22. Rxe1 Rd8 23. Nb7 Rf8 24. Nd6 Kf6 25. Ne4+ Kf5 26. Nd6+
Kf6 27. Nc4 Kg7 28. Kf2 Kf6 29. Kf3 g5 30. Rd1 1-0

[Event "Burlington VT-2"]
[Site "Burlington USA"]
[Date "1980.10.04"]
[Round "2"]
[White "Morin, Louis"]
[Black "Brodie, Hugh"]
[Result "1/2-1/2"]
[WhiteElo "1758"]
[BlackElo "1922"]
[PlyCount "41"]
[EventDate "1980.10.04"]
[EventType "swiss"]
[EventRounds "3"]
[EventCountry "USA"]

1. e4 c5 2. d4 cxd4 3. c3 dxc3 4. Nxc3 d6 5. Nf3 e6 6. Bc4 a6 7. O-O Qc7 8. Qe2
Be7 9. Rd1 Nc6 10. Bf4 Nf6 11. Rac1 O-O 12. Bb3 Qb8 13. e5 dxe5 14. Nxe5 Nxe5
15. Bxe5 Qa7 16. Na4 Bd8 17. Bd6 Re8 18. Bc5 Qb8 19. Bd6 Qa7 20. Bc5 Qb8 21.
Bd6 1/2-1/2

[Event "Burlington VT-2"]
[Site "Burlington USA"]
[Date "1980.10.04"]
[Round "3"]
[White "Brodie, Hugh"]
[Black "Prabhu, Naresh"]
[Result "1-0"]
[WhiteElo "1922"]
[BlackElo "1614"]
[PlyCount "111"]
[EventDate "1980.10.04"]
[EventType "swiss"]
[EventRounds "3"]
[EventCountry "USA"]

1. e4 e5 2. Nc3 Nc6 3. Bc4 Nf6 4. d3 Bc5 5. Nf3 d6 6. h3 Be6 7. Bb3 h6 8. Nd5
Bxd5 9. exd5 Ne7 10. c4 c6 11. dxc6 Nxc6 12. O-O O-O 13. Be3 Qb6 14. Re1 Rfe8
15. Ba4 Re7 16. Bxc6 Qxc6 17. d4 Bb4 18. dxe5 Bxe1 19. exf6 Bxf2+ 20. Bxf2 gxf6
21. Nd4 Qe4 22. Qd2 Qg6 23. Qf4 Re5 24. Rd1 a6 25. Bh4 Re4 26. Qxf6 Qxf6 27.
Bxf6 Rae8 28. Rd3 Kh7 29. Nf3 Rxc4 30. Rxd6 Rc2 31. Rd2 Rxd2 32. Nxd2 Kg6 33.
Bc3 f5 34. Kf2 Re6 35. Nf3 b5 36. Ne5+ Kg5 37. Nd3 Rd6 38. Ne5 Re6 39. Nf3+ Kg6
40. g3 Re4 41. Nh4+ Kg5 42. Kf3 h5 43. Ng2 Rc4 44. Ne3 Re4 45. Nd5 Re6 46. Bd2+
f4 47. Bxf4+ Kf5 48. g4+ hxg4+ 49. hxg4+ Kg6 50. Ne3 Kf7 51. g5 Rg6 52. Kg4 Ke6
53. Kh5 Rg7 54. Kh6 Kf7 55. Ng4 Rg6+ 56. Kh5 1-0

[Event "CAN-op"]
[Site "Ottawa CAN"]
[Date "1980.07.19"]
[Round "1"]
[White "Keep, Richard"]
[Black "Brodie, Hugh"]
[Result "0-1"]
[WhiteElo "1622"]
[BlackElo "1850"]
[PlyCount "82"]
[EventDate "1980.07.19"]
[EventType "swiss"]
[EventRounds "10"]
[EventCountry "CAN"]

1. c4 b6 2. Nc3 e6 3. d4 Bb7 4. e4 Bb4 5. Bd3 Nf6 6. f3 c5 7. a3 cxd4 8. axb4
dxc3 9. bxc3 Qc7 10. Ne2 Nc6 11. O-O Ne5 12. Bf4 Nh5 13. c5 Nxf4 14. Nxf4 bxc5
15. Ra5 cxb4 16. cxb4 O-O 17. Qa1 Nxd3 18. Nxd3 d6 19. Kh1 Qb6 20. Qa3 Rfc8 21.
Ra1 Rc2 22. h3 Rac8 23. Nf4 a6 24. Rg1 Qf2 25. Qa1 R8c3 26. Rxa6 Bxa6 27. Qxa6
Rc6 28. Qa8+ Rc8 29. Qa6 Qd2 30. b5 Qxf4 31. b6 d5 32. b7 Rb8 33. Qb6 Qc7 34.
Qb3 Rxb7 35. Qa3 Ra7 36. Qe3 dxe4 37. fxe4 Raa2 38. Qe1 Qe5 39. Qe3 h6 40. h4
Qh5 41. Qg3 Rc4 0-1

[Event "CAN-op"]
[Site "Ottawa CAN"]
[Date "1980.07.20"]
[Round "2"]
[White "Brodie, Hugh"]
[Black "Harper, Bruce"]
[Result "0-1"]
[WhiteElo "1850"]
[BlackElo "2232"]
[PlyCount "91"]
[EventDate "1980.07.19"]
[EventType "swiss"]
[EventRounds "10"]
[EventCountry "CAN"]

1. Nf3 g6 2. g3 Bg7 3. Bg2 d6 4. c4 Nc6 5. Nc3 e5 6. d3 h6 7. Bd2 Be6 8. Rb1
Qd7 9. b4 Bh3 10. O-O Bxg2 11. Kxg2 f5 12. Nd5 Nd8 13. b5 c6 14. bxc6 bxc6 15.
Nb4 a5 16. Qa4 Ne7 17. Nc2 O-O 18. Rb6 Ne6 19. Rfb1 f4 20. Qa3 Nc5 21. d4 exd4
22. Ncxd4 g5 23. e3 g4 24. Nh4 f3+ 25. Kg1 Bf6 26. Qc1 Bxh4 27. gxh4 g3 28.
hxg3 Ne4 29. R6b2 c5 30. Nb5 Nxg3 31. fxg3 f2+ 32. Kg2 Qc6+ 33. Kh2 f1=Q 34.
Qxf1 Rxf1 35. Rxf1 Rf8 36. Rxf8+ Kxf8 37. e4 Ng8 38. Bxa5 Nf6 39. Rf2 Ke7 40.
Re2 Ng4+ 41. Kg2 Ne5 42. Nc7 Qa4 43. Nd5+ Ke6 44. Bd2 Qxc4 45. Kf1 Nf3 46. Be3
0-1

[Event "CAN-op"]
[Site "Ottawa CAN"]
[Date "1980.07.20"]
[Round "3"]
[White "Desaulniers, Pierre"]
[Black "Brodie, Hugh"]
[Result "1/2-1/2"]
[WhiteElo "1489"]
[BlackElo "1850"]
[PlyCount "72"]
[EventDate "1980.07.19"]
[EventType "swiss"]
[EventRounds "10"]
[EventCountry "CAN"]

1. e4 c5 2. Nc3 Nc6 3. g3 g6 4. Bg2 Bg7 5. d3 d6 6. f4 e6 7. Nf3 Nge7 8. O-O
Rb8 9. a4 a6 10. Be3 b5 11. axb5 axb5 12. Rb1 Nd4 13. Ne2 Nec6 14. c3 Nxe2+ 15.
Qxe2 O-O 16. e5 Re8 17. d4 cxd4 18. cxd4 dxe5 19. dxe5 Ne7 20. Nd4 Bd7 21. Rfd1
Nd5 22. Bf2 b4 23. Rbc1 Rc8 24. Nb5 Rxc1 25. Rxc1 Bxb5 26. Qxb5 Bf8 27. Rd1 Qa8
28. Bxd5 exd5 29. Qxd5 Qc8 30. Qd7 Qa8 31. h4 h5 32. Bb6 Re6 33. Qd8 Qc6 34.
Bf2 Re8 35. Qd7 Qa8 36. Qd5 Qa4 1/2-1/2

[Event "CAN-op"]
[Site "Ottawa CAN"]
[Date "1980.07.21"]
[Round "4"]
[White "Brodie, Hugh"]
[Black "Smith, Eric"]
[Result "1/2-1/2"]
[WhiteElo "1850"]
[BlackElo "1490"]
[PlyCount "95"]
[EventDate "1980.07.19"]
[EventType "swiss"]
[EventRounds "10"]
[EventCountry "CAN"]

1. Nc3 Nf6 2. e4 d6 3. d4 g6 4. f4 Bg7 5. Nf3 O-O 6. Bd3 Bg4 7. O-O Nfd7 8. Be3
Nc6 9. Ne2 e5 10. fxe5 dxe5 11. d5 Ne7 12. Qd2 f5 13. c4 a5 14. Nc3 f4 15. Bf2
b6 16. Na4 Bxf3 17. gxf3 Rf7 18. c5 bxc5 19. Nxc5 Nxc5 20. Bxc5 Nc8 21. Kh1 Bf8
22. Bf2 Nd6 23. Rac1 h5 24. Rg1 g5 25. Rxg5+ Qxg5 26. Rg1 Qxg1+ 27. Kxg1 Rg7+
28. Kh1 Nf7 29. Qc3 Bd6 30. Bf1 Ng5 31. h4 Nf7 32. Bh3 Kh8 33. Be6 Nd8 34. Bf5
Nf7 35. Qe1 a4 36. Qd1 a3 37. b3 Rag8 38. Qf1 Rg2 39. Be6 R2g7 40. Qh3 Rh7 41.
Qf5 Rgg7 42. Qf6 Rh6 43. Qf5 Nd8 44. Bc8 Nf7 45. Qh3 Rf6 46. Bf5 Nh6 47. Be6
Nf7 48. Bf5 1/2-1/2